| 000 | 00584nam a2200253 a 4500 | ||
|---|---|---|---|
| 001 | nice12345678 | ||
| 003 | IN_TiNIC | ||
| 005 | 20260116011337.0 | ||
| 008 | 050524s1963 pata grp 000 0 urd | ||
| 020 |
_a _c3 |
||
| 082 | 0 | 0 |
_a891.44 _bNAY |
| 100 | _aNayyar, Ali Haider | ||
| 245 | _aAdab-O-Mushaira | ||
| 260 |
_aPatna _bHalqa-E-Sher-O-Adab _c1963 |
||
| 300 | _a136p | ||
| 500 | _aincludes index and biblioraphy | ||
| 505 | 2 | _aIndex | |
| 650 | _aUrdu-Prose | ||
| 650 | _aMushaera | ||
| 700 | 1 | _aNayyar, Ali Haider | |
| 902 | _bSRS | ||
| 942 | _cBK | ||
| 999 |
_c692 _d692 |
||